1507 1493 1916 1089 1050 1099 1698 1150 1633 1435 1786 1012 1540 1466 1762 1539 1434 1902 1149 1443 1230 1398 1467 1213 1684 1010 1472 1992 1131 1323 1571 1161 1894 1356 1052 1242 1342 1212 1188 1909 1073 1342 1941 1558 1791 1966 1743 1367 1188 1679 1522 1525 1561 1672 1161 1623 1499 1781 1299 1512 1220 1451 1603 1600 1540 1032 1199 1926 1293 1511 1177 1690 1099 1115 1810 1487 1103 1994 1756 1498 1872 1358 1087 1832 1881 1836 1477 1734 1998 1974 1476 1838 1399 1286 1424 1451 1315 1366 1092 BCNSPRNW ULIB Ver.6.0+V

เปลี่ยนเป็นภาษาไทย

Change to English
 แสดงรายละเอียดบรรณานุกรม
  กลับหน้าหลัก

Brief Record : Get Marc (ISO 2709) : E-mail record : QR code < ปิดหน้าต่าง
LEADER : 00000nam 2200000uu 4500
001    13399120973
003     ULIB
008    020711s2553 th a 000 0 tha d
020    9786165290302
060    WU113.6^bก136ล
100    กมลชนก เดียวสุรินทร์
245    ลูกฟันสวยสุขภาพฟันดีพ่อแม่เสกได้ /^cกมลชนก เดียวสุรินทร์
260    กรุงเทพฯ :^bอัมรินทร์สุขภาพ,^c2553
300    149 หน้า
650    สุขภาพช่องปาก
945    ^p135^l0^i17663
999    ^aทศพร เกษรทอง
รายการนี้ยังไม่มีแท็ก
คุณยังไม่ได้ล็อกอิน คุณสามารถมีกิจกรรมร่วมกับเว็บไซต์ได้ แต่ต้องล็อกอินก่อน ::
  ล็อกอิน

รายการสื่อสารสนเทศ

ลำดับที่ ประเภท เลขเรียก/บาร์โค้ด สถานที่ สถานะ
1. วิทยาศาสตร์การแพทย์ และสุขภาพ
วิทยาศาสตร์การแพทย์ และสุขภาพ
WU113.6 ก136ล ฉ.1 
  Barcode: 17663
ห้องสมุดวิทยาเขตนครสวรรค์
►ส่วนจัดเก็บหนังสือเก่า นว.
บนชั้น
  ขอยืม

รายการใกล้เคียง
    หัวเรื่อง [สุขภาพช่องปาก]

BibComment


ยังไม่เคยถูกคอมเมนท์

คอมเมนท์ทรัพยากรรายการนี้
  คอมเมนท์: ลูกฟันสวยสุขภาพฟั..


 Copyright 2026. Bcnsprnw @Library